000 00643nam a2200241Ia 4500
003 OSt
005 20221005093128.0
006 a|||||r|||| 00| 0
007 ta
008 221004b |||||||| |||| 00| 0 eng d
024 _a64746
037 _cTextual
040 _aCRL
_cCRL
_beng
041 _2eng
_aeng
082 _aV1N4:3(Y7).N9, N4
245 0 _aUnited Nations and apartheid
_b 1948-1994
260 _aNew York
_bUnited Nations
_c1994
300 _a565p.
_ccm.
490 _aUnited Nations Blue Books series; 1
650 _aHISTORY
942 _hV1N4:3(Y7).N9, N4
_cTEXL
_2cc
999 _c999894
_d999894